FC Barcelone - Tous les joueurs (2010-2020) - Statistiques

Statistiques générales
  • Ce quiz a été pris 12 015 fois
  • Le résultat moyen est 36 sur 86
Statistiques - réponses
Saisons Nationalité Joueur Nb de matchs % Correct
2010-2020 Argentine Lionel Messi 341
100%
2010-2018 Espagne Andrés Iniesta 232
97%
2014-2020 Uruguay Luis Suarez 191
97%
2016-2019 Espagne Denis Suarez 46
96%
2013-2017 Brésil Neymar 123
96%
2010-2015 Espagne Xavi 153
96%
2010-2020 Espagne Gerard Piqué 289
93%
2010-2020 Espagne Sergio Busquets 322
92%
2015-2020 Allemagne Marc-André ter Stegen 151
91%
2014-2020 Croatie Ivan Rakitic 200
90%
2012-2020 Espagne Jordi Alba 224
89%
2010-2016 Brésil Dani Alves 184
87%
2010-2018 Argentine Javier Mascherano 203
81%
2010-2014 Espagne Carles Puyol 61
80%
2017-2020 France Ousmane Dembélé 51
78%
2016-2020 France Samuel Umtiti 77
78%
2018-2020 Chili Arturo Vidal 66
76%
2010-2014 Espagne Victor Valdés 124
76%
2015-2018 Espagne Aleix Vidal 30
75%
2011-2014 Chili Alexis Sanchez 88
75%
2019-2020 Pays-Bas Frenkie de Jong 29
74%
2019-2020 France Antoine Griezmann 35
73%
2010-2013 Espagne David Villa 77
70%
2010-2015 Espagne Pedro 162
69%
2010-2020 Espagne Sergi Roberto 184
68%
2015-2017 Turquie Arda Turan 36
64%
2018-2020 France Clémént Lenglet 51
62%
2014-2017 France Jérémy Mathieu 62
60%
2017-2019 Brésil Philippe Coutinho 52
57%
2010-2013 France Eric Abidal 53
55%
2014-2017 Chili Claudio Bravo 70
53%
2017-2020 Portugal Nélson Semedo 82
51%
2019-2020 Uruguay Ronald Araujo 6
49%
2014-2016, 2017-2019 Belgique Thomas Vermaelen 34
45%
2019-2020 Espagne Ansu Fati 24
43%
2016-2018 France Lucas Digne 29
43%
2014-2017, 2018-2020 Brésil Rafinha 56
43%
2016-2018 Portugal André Gomes 46
41%
2012-2014 Cameroun Alex Song 39
40%
2017-2018 Brésil Paulinho 34
40%
2019-2020 Danemark Martin Braithwaite 11
39%
2010-2013 Espagne Thiago 66
39%
2011-2014 Espagne Cesc Fabregas 96
37%
2018-2020 Brésil Arthur 48
36%
2010-2012 Mali Seydou Keita 61
36%
2010-2014 Espagne José Manuel Pinto 29
33%
2019-2020 Brésil Neto 2
32%
2017-2018 Colombie Yerry Mina 5
32%
2010-2011 Espagne Bojan Krkic 27
31%
2018-2020 Espagne Riqui Puig 13
31%
2010-2016 Brésil Adriano 114
28%
2013-2014 Espagne Adama Traoré 1
26%
2016-2019 Pays-Bas Jasper Cillessen 5
26%
2018-2019 Brésil Malcom 15
25%
2018-2020 France Jean-Clair Todibo 4
21%
2010-2016 Espagne Marc Bartra 58
21%
2010-2012 Brésil Maxwell 32
20%
2018-2019 Ghana Kevin-Prince Boateng 3
19%
2014-2017, 2018-2019 Espagne Munir 33
19%
2016-2018 Espagne Paco Alcacer 37
19%
2010-2014 Mexique Jonathan dos Santos 11
18%
2011-2014 Espagne Cristian Tello 59
17%
2011-2013, 2017-2018 Espagne Gerard Deulofeu 12
17%
2018-2020 Sénégal Moussa Wagué 4
17%
2010-2012, 2013-2014 Pays-Bas Ibrahim Afellay 21
15%
2010-2015 Espagne Martin Montoya 45
14%
2016-2017, 2018-2020 Belgique Carles Alena 24
13%
2019-2020 Espagne Junior Firpo 17
13%
2011-2012 Espagne Isaac Cuenca 16
10%
2014-2016 Brésil Douglas 3
9%
2018-2019 Colombie Jeison Murillo 2
9%
2014-2016 Espagne Sandro Ramirez 17
9%
2010-2011 Argentine Gabriel Milito 10
8%
2010-2011 Vénézuela Jeffrén 8
8%
2015-2016 Espagne Sergi Samper 1
8%
2018-2020 Espagne Carles Pérez 11
7%
2014-2015 Espagne Jordi Masip 1
7%
2018-2019 Espagne Abel Ruiz 1
5%
2018-2020 Espagne Alex Collado 2
5%
2010-2011 Espagne Oriol Romeu 1
5%
2016-2017 Brésil Marlon 2
4%
2010-2012 Espagne Andreu Fontas 7
3%
2010-2011 Espagne Nolito 2
3%
2015-2016 Espagne Gerard Gumbau 3
2%
2017-2018 Espagne José Arnaiz 1
2%
2011-2012 Espagne Marc Muniesa 1
2%
Aucun quiz correspondant
Distribution des résultats
% des personnes avec chaque résultat
Percentile par nombre de réponses
Votre historique - résultats
Vous n’avez pas pris ce quiz